000 00845nam a22002297a 4500
005 20090603160045.0
008 090603t xxu||||| |||| 00| 0 eng d
010 _aENG-93855
020 _a9788180546471
_c415.00
035 _aEN-77388
037 _bDBAD / PUB
040 _adpl
_bEnglish
082 _a657.42
100 _aSaxena, V.K.
245 _aEssentials of cost and management accounting /
_cby V.K. Saxena [and] C.D. Vashist
260 _aNew Delhi
_bSultan Chand
_c2009
270 _a23, Daryaganj,
_bNew Delhi
_e110002
300 _aVarious pagings
_c24cm(pbk)
700 _aVashist, C.D.
942 _2ddc
_cEN
_mSAX
_h657.42
999 _c27193
_d27193